| 000 | 01883nam a2200361 i 4500 | ||
|---|---|---|---|
| 001 | 991027392014207026 | ||
| 003 | UkOxU | ||
| 005 | 20251117133233.0 | ||
| 007 | t| | ||
| 008 | 240903s2025 enkb 000|f eng d | ||
| 015 |
_aGBC4D7847 _2bnb |
||
| 016 | 7 |
_a300370872 _2Uk |
|
| 020 | _a9780349437064 | ||
| 024 | 8 | _aCIPO000155402 | |
| 035 | _a(Uk)021324419 | ||
| 040 |
_aStDuBDS _beng _cStDuBDS _erda _dUkOxU |
||
| 041 | _aeng | ||
| 050 |
_aPS3625.A7384 _bO59 2025 |
||
| 100 |
_aYarros, Rebecca _eauthor _924950 |
||
| 245 | 1 | 0 |
_aOnyx storm _c/ Rebecca Yarros. |
| 260 |
_aLondon : _bPiatkus, _c2025. |
||
| 300 |
_a527 pages : _bmap (black and white) ; _c25 cm |
||
| 490 |
_aThe Empyrean Series _vbk. 3 |
||
| 520 | _aAfter nearly eighteen months at Basgiath War College, Violet Sorrengail knows there's no more time for lessons. No more time for uncertainty. Because the battle has truly begun, and with enemies closing in from outside their walls and within their ranks, it's impossible to know who to trust. Now Violet must journey beyond the failing Aretian wards to seek allies from unfamiliar lands to stand with Navarre. The trip will test every bit of her wit, luck, and strength, but she will do anything to save what she loves--her dragons, her family, her home, and him. Even if it means keeping a secret so big, it could destroy everything. They need an army. They need power. They need magic. And they need the one thing only Violet can find--the truth. But a storm is coming ... and not everyone can survive its wrath. | ||
| 650 | 0 |
_aDragons _vFiction _926531 |
|
| 650 | 0 |
_aGood and evil _vFiction _924131 |
|
| 650 | 0 |
_aImaginary wars and battles _vFiction _924133 |
|
| 650 | 0 |
_aMagic _vFiction _924059 |
|
| 650 | 0 |
_aMan-woman relationships _vFiction _911134 |
|
| 650 | 0 |
_aWomen college students _vFiction _926532 |
|
| 655 | 0 |
_aFantasy fiction _922510 |
|
| 942 | _2lcc | ||
| 999 |
_c5186 _d5186 |
||